000 00753nam a2200229 a 4500
005 20141124144714.0
008 141124b2005 ck ||||| |||| 00| 0 spa d
040 _cCO-BoIH
041 _aspa
044 _ack
090 _aIAVH
_b00702
100 1 _aEstevez Varón, Jaime Vicente
_922618
245 1 0 _aProductividad aerea y subterránea en tres estadios sucesionales de bosque de montaña en el Santuario de Flora y Fauna de Iguaque
260 _aManizales :
_bInstituto Alexander von Humboldt,
_c2005.
300 _a40 p.
_c28 cm.
650 0 4 _aBosque de montaña
_9665
650 0 6 _aFlora
_zIguaque
_928991
650 0 6 _aFauna
_zIguaque
_928992
651 _aColombia
_zSantuario de Iguaque
_928993
942 _2ddc
_cINFORME
945 _d2007-05-28
999 _c5559
_d5559